00880nam a2200241 i 4500001000300000100001800003245006500021260003500086300003500121490003900156500004000195504003400235650005400269650005800323655002300381830003300404020001500437040000800452041000800460080003100468008004100499856009800540bg1 aPABIS, Robert10aSpółka komandytowa i komandytowo-akcyjna /cRobert Pabis. aWarszawa :bC. H. Beck,c2003. aXV, 842 s. ;c25 cm +eCD-ROM.1 aPisma Spółek Handlowych ;vt. 2 aNa grzb. odmienna nazwa serii: PSH. aBibliogr. przy rozdz. Indeks. 9aSpółki akcyjnexprawozPolskaystan na 2003 r. 9aSpółki komandytowexprawozPolskaystan na 2003 r. aFormularze i druki aPisma Spółek Handlowych ; a8372476667 cBPK0 apol a347.723+347.725](438)(083) s pl f |000 0 pol  uhttp://koha.tu.koszalin.pl/cgi-bin/koha/opac-detail.pl?biblionumber=43117yKatalog online BPK